[Event "Lvov Bobersky 150 ann"]
[Site "Lvov"]
[Date "2023.12.19"]
[Round "1"]
[White "Biletskyy, Dmytro"]
[Black "Dmytriv, Roman"]
[Result "1-0"]
[WhiteElo "1926"]
[BlackElo "1844"]
[PlyCount "49"]
[EventDate "2023.12.19"]
[EventType "tourn (blitz)"]
[EventRounds "14"]
[EventCountry "UKR"]
[SourceTitle "CB52_2023"]
[SourceDate "2023.12.27"]
[SourceVersion "1"]
[SourceVersionDate "2023.12.27"]
[SourceQuality "1"]

1. e4 c5 2. Nf3 Nc6 3. Bb5 g6 4. 0-0 Bg7 5. Re1 d6 6. c3 a6 7. Ba4 b5 8. Bc2 Bb7 9. d4 cxd4 10. cxd4 e6 11. Nc3 Nge7 12. Be3 0-0 13. Rc1 Rc8 14. Bb1 Na5 15. b3 Nac6 16. Qd2 f5 17. Bh6 fxe4 18. Bxe4 Nf5 19. Bxg7 Kxg7 20. d5 exd5 21. Bxd5 Rc7 22. Ne4 Ne5 23. Nxe5 dxe5 24. Bxb7 Qxd2 25. Rxc7+ 1-0

[Event "Lvov Bobersky 150 ann"]
[Site "Lvov"]
[Date "2023.12.19"]
[Round "4"]
[White "Dmytriv, Roman"]
[Black "Medvedyk, Volodymyr"]
[Result "0-1"]
[WhiteElo "1844"]
[BlackElo "2138"]
[PlyCount "66"]
[EventDate "2023.12.19"]
[EventType "tourn (blitz)"]
[EventRounds "14"]
[EventCountry "UKR"]
[SourceTitle "CB52_2023"]
[SourceDate "2023.12.27"]
[SourceVersion "1"]
[SourceVersionDate "2023.12.27"]
[SourceQuality "1"]

1. Nf3 Nf6 2. g3 g6 3. Bg2 Bg7 4. 0-0 0-0 5. d4 d6 6. c4 Nc6 7. e3 e5 8. dxe5 Nxe5 9. Nxe5 dxe5 10. Nc3 c6 11. b3 Qa5 12. Bb2 Bf5 13. e4 Bg4 14. Qc2 Rad8 15. h3 Be6 16. Rad1 Qc7 17. Ba3 Rfe8 18. Ne2 Rxd1 19. Rxd1 Rd8 20. f4 exf4 21. Nxf4 Rxd1+ 22. Qxd1 Qd7 23. Qe2 Ne8 24. Nxe6 Qxe6 25. Qd3 Qe5 26. Bb4 h5 27. h4 Kh7 28. Bd2 Nf6 29. Bf4 Qa1+ 30. Bf1 Qxa2 31. Be5 Ng4 32. Qe2 Qxe2 33. Bxe2 Bxe5 0-1

[Event "Lvov Bobersky 150 ann"]
[Site "Lvov"]
[Date "2023.12.19"]
[Round "11"]
[White "Medvedyk, Volodymyr"]
[Black "Dmytriv, Roman"]
[Result "1-0"]
[WhiteElo "2138"]
[BlackElo "1844"]
[PlyCount "65"]
[EventDate "2023.12.19"]
[EventType "tourn (blitz)"]
[EventRounds "14"]
[EventCountry "UKR"]
[SourceTitle "CB52_2023"]
[SourceDate "2023.12.27"]
[SourceVersion "1"]
[SourceVersionDate "2023.12.27"]
[SourceQuality "1"]

1. c4 Nf6 2. g3 g6 3. Bg2 Bg7 4. Nc3 0-0 5. Nf3 d6 6. 0-0 e5 7. b3 Nc6 8. Bb2 Nd7 9. d3 f5 10. e3 Nf6 11. Rc1 h6 12. d4 exd4 13. Nxd4 Nxd4 14. exd4 c6 15. Re1 d5 16. cxd5 cxd5 17. Re5 Kh7 18. Nxd5 Nxd5 19. Rxd5 Qb6 20. Qd3 f4 21. Ba3 Bf5 22. Be4 Bxe4 23. Qxe4 fxg3 24. hxg3 Rf6 25. Rd7 Rd8 26. Rcc7 Rxd7 27. Rxd7 Re6 28. Qd5 Re1+ 29. Kg2 Qa6 30. Qc4 Qxa3 31. Qf7 Rg1+ 32. Kxg1 Qc1+ 33. Kh2 1-0

[Event "Lvov Buturina Memorial 2nd"]
[Site "Lvov"]
[Date "2022.11.19"]
[Round "4"]
[White "Dmytriv, Roman"]
[Black "Medvedyk, Volodymyr"]
[Result "0-1"]
[WhiteElo "1838"]
[BlackElo "2158"]
[PlyCount "52"]
[EventDate "2022.11.18"]
[EventType "swiss (rapid)"]
[EventRounds "9"]
[EventCountry "UKR"]
[SourceTitle "CBM 212 Extra"]
[Source "ChessBase"]
[SourceDate "2023.03.31"]
[SourceVersion "1"]
[SourceVersionDate "2023.03.31"]
[SourceQuality "1"]

1. c4 e5 2. g3 Nc6 3. Bg2 Bc5 4. Nc3 a6 5. e3 d6 6. Nge2 h5 7. h3 h4 8. g4 f5 9. d4 Ba7 10. Qc2 Nf6 11. gxf5 exd4 12. Bxc6+ bxc6 13. Nxd4 Bxd4 14. exd4 Qd7 15. Be3 Qxf5 16. Qd2 Qf3 17. Rg1 Bxh3 18. Ne2 Bg4 19. Qc2 h3 20. Qg6+ Kf8 21. Nf4 h2 22. Ne6+ Ke7 23. Rxg4 Qxg4 24. Ng5 h1Q+ 25. Kd2 Ne4+ 26. Kd3 Qhd1+ 0-1

[Event "Lvov Buturina Memorial 2nd"]
[Site "Lvov"]
[Date "2022.11.18"]
[Round "1"]
[White "Andreev, Eduard"]
[Black "Dmytriv, Roman"]
[Result "1/2-1/2"]
[WhiteElo "2413"]
[BlackElo "1838"]
[PlyCount "87"]
[EventDate "2022.11.18"]
[EventType "swiss (rapid)"]
[EventRounds "9"]
[EventCountry "UKR"]
[SourceTitle "CBM 212 Extra"]
[Source "ChessBase"]
[SourceDate "2023.03.31"]
[SourceVersion "1"]
[SourceVersionDate "2023.03.31"]
[SourceQuality "1"]

1. e4 c5 2. Nf3 Nc6 3. Bb5 g6 4. Bxc6 bxc6 5. 0-0 Bg7 6. Re1 Nh6 7. h3 0-0 8. c3 d6 9. d4 cxd4 10. cxd4 Rb8 11. Nc3 f5 12. e5 c5 13. dxc5 dxc5 14. Qe2 Bb7 15. Bf4 Bxf3 16. Qxf3 e6 17. Rad1 Qe7 18. Qc6 Rfc8 19. Qd6 Qe8 20. Qd2 Nf7 21. Bg3 Rb4 22. f4 Bh6 23. Qf2 Rcb8 24. Re2 Qc6 25. Red2 Qb7 26. Rd7 Qc6 27. b3 Bf8 28. Kh2 a5 29. Na4 c4 30. Qa7 R8b7 31. Rxb7 Rxb7 32. Qa8 cxb3 33. axb3 Qc7 34. Rc1 Qb8 35. Qxb8 Rxb8 36. Nc5 Rc8 37. Nd3 Rxc1 38. Nxc1 Nd8 39. Nd3 Nc6 40. Bf2 Nb4 41. Nxb4 Bxb4 42. Kg3 Kf7 43. Kf3 Ke7 44. Ke2 1/2-1/2

[Event "Lvov Buturina Memorial 2nd"]
[Site "Lvov"]
[Date "2022.11.18"]
[Round "3"]
[White "Hychkevych, Vitaliy"]
[Black "Dmytriv, Roman"]
[Result "1/2-1/2"]
[WhiteElo "1251"]
[BlackElo "1838"]
[PlyCount "87"]
[EventDate "2022.11.18"]
[EventType "swiss (rapid)"]
[EventRounds "9"]
[EventCountry "UKR"]
[SourceTitle "CBM 212 Extra"]
[Source "ChessBase"]
[SourceDate "2023.03.31"]
[SourceVersion "1"]
[SourceVersionDate "2023.03.31"]
[SourceQuality "1"]

1. d4 Nf6 2. Nf3 g6 3. c4 Bg7 4. Nc3 0-0 5. e4 d6 6. h3 c6 7. Bd3 Nbd7 8. 0-0 e5 9. d5 Nc5 10. Bg5 h6 11. Bh4 Nxd3 12. Qxd3 c5 13. Bxf6 Qxf6 14. a3 Qe7 15. b4 b6 16. bxc5 bxc5 17. a4 f5 18. a5 f4 19. a6 g5 20. Nh2 h5 21. f3 Rf6 22. Qe2 Rg6 23. Rfb1 Bf6 24. Rb3 Qg7 25. Qb2 g4 26. hxg4 hxg4 27. fxg4 Bxg4 28. Rb8+ Rxb8 29. Qxb8+ Kh7 30. Qb7 Be7 31. Kh1 Bh5 32. Qd7 Kh6 33. Qh3 Rg3 34. Qe6+ Kh7 35. Nb5 f3 36. gxf3 Kh8 37. Rf1 Bxf3+ 38. Nxf3 Qh7+ 39. Nh2 Qxe4+ 40. Nf3 Qe2 41. Qh6+ Kg8 42. Qe6+ Kh8 43. Qh6+ Kg8 44. Qe6+ 1/2-1/2

[Event "Kaspersky op U16"]
[Site "Tornelo INT"]
[Date "2021.04.02"]
[Round "7"]
[White "Dmytriv, Roman"]
[Black "Tsyhanou, Andrei"]
[Result "1-0"]
[WhiteElo "1826"]
[BlackElo "1328"]
[PlyCount "71"]
[EventDate "2021.04.02"]
[EventType "swiss (blitz)"]
[EventRounds "11"]
[EventCountry "RUS"]
[SourceTitle "CBM 201 Extra"]
[Source "ChessBase"]
[SourceDate "2021.05.31"]
[SourceVersion "1"]
[SourceVersionDate "2021.05.31"]
[SourceQuality "1"]

1. Nf3 d5 2. g3 Nf6 3. Bg2 Bf5 4. Kf1 e6 5. h3 h5 6. Kg1 Bd6 7. d3 c6 8. Nbd2 Nbd7 9. Nh4 Bh7 10. c4 g5 11. Nhf3 g4 12. Ng5 Bg6 13. cxd5 Nxd5 14. Nde4 Qe7 15. Nxd6+ Qxd6 16. Ne4 Qe7 17. h4 e5 18. a4 f5 19. Ng5 e4 20. dxe4 fxe4 21. Qd4 N7f6 22. b3 0-0-0 23. Ba3 Qc7 24. Ne6 Qf7 25. Nxd8 Rxd8 26. Qxa7 Nc7 27. Rc1 Qxb3 28. Be7 Qb2 29. Kh2 Re8 30. Bxf6 Qxf6 31. Rhd1 Qf7 32. a5 Nd5 33. a6 Qc7 34. Rxd5 c5 35. Rdxc5 b6 36. Qxc7# 1-0

[Event "Benidorm op U2000 17th"]
[Site "Benidorm"]
[Date "2018.12.08"]
[Round "10"]
[White "Rionda Medio, Angel Arturo"]
[Black "Dmytriv, Roman"]
[Result "1-0"]
[WhiteElo "1971"]
[BlackElo "1854"]
[PlyCount "97"]
[EventDate "2018.11.30"]
[EventType "swiss"]
[EventRounds "10"]
[EventCountry "ESP"]
[SourceTitle "EXT 2022"]
[Source "ChessBase"]
[SourceDate "2021.10.06"]
[SourceVersion "1"]
[SourceVersionDate "2021.10.06"]
[SourceQuality "1"]

1. e4 c5 2. Nc3 Nc6 3. g3 g6 4. Bg2 Bg7 5. d3 d6 6. Nge2 Nf6 7. 0-0 0-0 8. h3 Rb8 9. Be3 b5 10. Qd2 Qc7 11. Bh6 Nd4 12. Bxg7 Kxg7 13. Nxd4 cxd4 14. Ne2 e5 15. g4 Bb7 16. Ng3 Rbc8 17. Rac1 d5 18. Qg5 Ne8 19. exd5 f6 20. Qd2 Qd6 21. Be4 Bxd5 22. f4 Nc7 23. fxe5 fxe5 24. Qg5 Ne6 25. Nh5+ Kh8 26. Qh6 Bxe4 27. Nf6 Qe7 28. Nxe4 Nf4 29. Kh2 Rc6 30. Rf2 Rfc8 31. Rd2 a5 32. Kg3 b4 33. b3 R6c7 34. Qg5 Qxg5 35. Nxg5 Kg7 36. Ne4 Rc6 37. g5 Nd5 38. Rf2 Ne3 39. Rf6 Rxc2 40. Rxc2 Rxc2 41. Ra6 Nf5+ 42. Kf3 Rh2 43. Ra7+ Kh8 44. Nf6 Rxh3+ 45. Ke4 Ne3 46. Kxe5 Nf5 47. Rd7 Rh4 48. Ke6 h5 49. Rh7# 1-0

[Event "Benidorm op U2000 17th"]
[Site "Benidorm"]
[Date "2018.12.01"]
[Round "2"]
[White "Dmytriv, Roman"]
[Black "Ocana Lameiro, Oliver"]
[Result "0-1"]
[WhiteElo "1854"]
[BlackElo "1995"]
[PlyCount "94"]
[EventDate "2018.11.30"]
[EventType "swiss"]
[EventRounds "10"]
[EventCountry "ESP"]
[SourceTitle "EXT 2022"]
[Source "ChessBase"]
[SourceDate "2021.10.06"]
[SourceVersion "1"]
[SourceVersionDate "2021.10.06"]
[SourceQuality "1"]

1. Nf3 Nf6 2. g3 g6 3. Bg2 Bg7 4. 0-0 0-0 5. d3 d5 6. Nbd2 c6 7. c4 Nbd7 8. Qc2 e5 9. Rb1 Qe7 10. e4 dxe4 11. dxe4 Nc5 12. Re1 Rd8 13. Bf1 Bg4 14. b4 Ncxe4 15. Nxe5 Nxd2 16. Bxd2 Bf5 17. Bd3 Bxd3 18. Nxd3 Qd7 19. Rb3 Qf5 20. Re5 Qd7 21. Re2 Re8 22. Nc5 Qh3 23. Ne4 Ng4 24. f3 Bd4+ 25. Be3 Nxe3 26. Rbxe3 Bxe3+ 27. Rxe3 Qf5 28. Qc3 Re6 29. g4 Qf4 30. g5 Rxe4 31. Rxe4 Qxg5+ 32. Rg4 Qf5 33. Re4 Rd8 34. Qe3 Rd1+ 35. Kg2 Rd7 36. a3 Kg7 37. h4 h5 38. Kg3 a6 39. Rf4 Qe6 40. Qc3+ f6 41. c5 Qe5 42. Qxe5 fxe5 43. Re4 Kf6 44. Rc4 Rd3 45. a4 Ke6 46. Re4 Rd4 47. Kf2 Kf5 0-1

[Event "Pustomyty Stein Memorial op"]
[Site "Pustomyty"]
[Date "2017.08.30"]
[Round "9"]
[White "Zolotariov, Georgiy"]
[Black "Dmytriv, Roman"]
[Result "1-0"]
[WhiteElo "1729"]
[BlackElo "1790"]
[PlyCount "37"]
[EventDate "2017.08.25"]
[EventType "swiss"]
[EventRounds "9"]
[EventCountry "UKR"]
[SourceTitle "CBM 180 Extra"]
[Source "ChessBase"]
[SourceDate "2017.10.06"]
[SourceVersion "1"]
[SourceVersionDate "2017.10.06"]
[SourceQuality "1"]

1. e4 c5 2. Ne2 Nc6 3. Nbc3 g6 4. g3 Bg7 5. Bg2 d6 6. 0-0 Nf6 7. d3 0-0 8. h3 e6 9. f4 h5 10. Kh2 Bd7 11. Be3 Qe7 12. Qc1 Rab8 13. a4 a6 14. e5 dxe5 15. fxe5 Nxe5 16. Bg5 Bc6 17. Qf4 Nfg4+ 18. hxg4 f6 19. Qxe5 1-0

[Event "Lvov Winter Cup"]
[Site "Lvov"]
[Date "2016.02.06"]
[Round "5"]
[White "Bykovskiy, Oleg"]
[Black "Dmytriv, Roman"]
[Result "1/2-1/2"]
[WhiteElo "2264"]
[BlackElo "1597"]
[PlyCount "71"]
[EventDate "2016.02.05"]
[EventType "swiss"]
[EventRounds "7"]
[EventCountry "UKR"]
[SourceTitle "EXT 2017"]
[Source "ChessBase"]
[SourceDate "2016.10.25"]
[SourceVersion "1"]
[SourceVersionDate "2016.10.25"]
[SourceQuality "1"]

1. e4 c5 2. Nf3 d6 3. d4 cxd4 4. Nxd4 e6 5. c4 a6 6. Nc3 b6 7. b3 Bb7 8. Bb2 Nf6 9. Bd3 Nbd7 10. Qe2 Be7 11. Rd1 Qc7 12. 0-0 0-0 13. Kh1 Nc5 14. Bb1 Rac8 15. f4 Rfe8 16. e5 dxe5 17. fxe5 Nfd7 18. b4 Qxe5 19. bxc5 Bxc5 20. Nf3 Qxe2 21. Nxe2 Nf8 22. Ng5 f5 23. Nf4 Rc6 24. Nh5 h6 25. Nxg7 Re7 26. N5xe6 Nxe6 27. Nxf5 Rh7 28. Rd7 Rc7 29. Rxh7 Rxh7 30. Re1 Nf4 31. Be4 Bf2 32. Rf1 Bxe4 33. Rxf2 Nd3 34. Nxh6+ Rxh6 35. Re2 Nxb2 36. Rxb2 1/2-1/2